000 00721nam a22002537a 4500
001 50988
003 UA-OsUOA
005 20191120153630.0
007 ta
008 20071130b un ||||| |||| 00| 0 ukr d
020 _a978-966-7421-40-3
040 _aUA-OsUOA
_bukr
_cUA-OsUOA
_dUA-OsUOA
041 _aukr
080 _a821.161.2-1
090 _a821.161.2-1
_bВ75
100 _aВоробйов М.
245 _aБез кори
260 _aК.
_bВидавець Микола Дмитренко
_c2007
300 _a632 с.
650 7 _a82 Література. Літературознавство
_2UDC
942 _cBK
_2udc
955 _a3
999 _c337084
_d337084